000
00272 a2200085 4500
020
_a
9780367903541
100
_a
Sarah Sayce, Sara Wilkinson, Gillian Armstrong, Samantha Organ
245
_a
Resilient Building Retrofits: Combating The Climate Crisis
260
_b
Routledge
_c
2023
999
_c
13119
_d
13119